| 000 | 00828nam a2200229 i 4500 | ||
|---|---|---|---|
| 001 | 110824 | ||
| 003 | ES-MaACL | ||
| 005 | 20260127062537.0 | ||
| 007 | t| | ||
| 008 | 070131s1921 sp ||||1| spa d | ||
| 080 | _a316.356.2 | ||
| 100 | 1 |
_aVales Failde, Javier. _9112684 |
|
| 245 | 1 | 0 |
_aDisolución del matrimonio rato _b: Conferencia / _cpor Francisco Javier Vales Failde. |
| 260 |
_aMadrid : _bReus, _c1921. |
||
| 300 |
_a45 p. ; _c18 cm. |
||
| 490 | 1 |
_aPublicaciones de la Real Academia de Jurisprudencia y Legislación ; _v42 |
|
| 500 | _aSesión del día 5 de Marzo de 1921. | ||
| 700 |
_aReal Academia de Jurisprudencia y Legislación de España _9217612 |
||
| 830 | 0 |
_aPublicaciones de la Real Academia de Jurisprudencia y Legislación ; _v42 _9180630 |
|
| 852 |
_aES-MaACL _jL-5209 |
||
| 999 |
_c110824 _d110824 |
||